(Photocopy) Names of God / (Record no. 49617)
| 000 -LEADER | |
|---|---|
| fixed length control field | 00323nam a2200121 4500 |
| 020 ## - INTERNATIONAL STANDARD BOOK NUMBER | |
| International Standard Book Number | 9780802458544 |
| 100 ## - MAIN ENTRY--PERSONAL NAME | |
| Personal name | Stone, Nathan. |
| 9 (RLIN) | 86735 |
| 245 ## - TITLE STATEMENT | |
| Title | (Photocopy) Names of God / |
| Statement of responsibility, etc | Nathan Stone. |
| 260 ## - PUBLICATION, DISTRIBUTION, ETC. (IMPRINT) | |
| Place of publication, distribution, etc | Chicago: |
| Name of publisher, distributor, etc | Moody Press; |
| Date of publication, distribution, etc | 1944. |
| 300 ## - PHYSICAL DESCRIPTION | |
| Extent | 159 p. |
| Dimensions | 18 cm. |
| 650 ## - SUBJECT ADDED ENTRY--TOPICAL TERM | |
| Topical term or geographic name as entry element | Names of God. |
| 9 (RLIN) | 86736 |
| 942 ## - ADDED ENTRY ELEMENTS (KOHA) | |
| Source of classification or shelving scheme | |
| Koha item type | Teacher's Resources |
| Withdrawn status | Lost status | Source of classification or shelving scheme | Damaged status | Not for loan | Collection code | Home library | Current library | Shelving location | Date acquired | Full call number | Barcode | Date last seen | Price effective from | Koha item type |
|---|---|---|---|---|---|---|---|---|---|---|---|---|---|---|
| TEACHERS' RESOURCES | Asian Hope Secondary Library | Asian Hope Secondary Library | SECONDARY | 10/08/2025 | 231 STO | 208316 | 01/16/2026 | 10/08/2025 | Teacher's Resources |